<?xml version="1.0" encoding="UTF-8"?>
<record
    xmlns:xsi="http://www.w3.org/2001/XMLSchema-instance"
    xsi:schemaLocation="http://www.loc.gov/MARC21/slim http://www.loc.gov/standards/marcxml/schema/MARC21slim.xsd"
    xmlns="http://www.loc.gov/MARC21/slim">

  <leader>01158nam a2200265Ia 4500</leader>
  <controlfield tag="001">60358678</controlfield>
  <controlfield tag="003">AUA.1</controlfield>
  <controlfield tag="005">20120815162356.0</controlfield>
  <controlfield tag="008">050513s2004    bl a          000 0 eng d</controlfield>
  <datafield tag="020" ind1=" " ind2=" ">
    <subfield code="a">8589504069</subfield>
  </datafield>
  <datafield tag="040" ind1=" " ind2=" ">
    <subfield code="a">EXN</subfield>
    <subfield code="c">EXN</subfield>
  </datafield>
  <datafield tag="049" ind1=" " ind2=" ">
    <subfield code="a">EXNh</subfield>
  </datafield>
  <datafield tag="050" ind1=" " ind2=" ">
    <subfield code="a">BS 1555.2</subfield>
    <subfield code="b">.O658 2004</subfield>
  </datafield>
  <datafield tag="100" ind1="1" ind2=" ">
    <subfield code="a">De Oliveira, Juarez Rodrigues.</subfield>
    <subfield code="9">24428</subfield>
  </datafield>
  <datafield tag="245" ind1="1" ind2="0">
    <subfield code="a">Chronological studies related to Daniel 8:14 and 9:24-27 /</subfield>
    <subfield code="c">Juarez Rodrigues de Oliveira.</subfield>
  </datafield>
  <datafield tag="250" ind1=" " ind2=" ">
    <subfield code="a">1st ed.</subfield>
  </datafield>
  <datafield tag="260" ind1=" " ind2=" ">
    <subfield code="a">Engenheiro Coelho, SP :</subfield>
    <subfield code="b">Imprensa Universit&#xFFFD;aria Adventista,</subfield>
    <subfield code="c">c2004.</subfield>
  </datafield>
  <datafield tag="300" ind1=" " ind2=" ">
    <subfield code="a">xvi, 205 p. :</subfield>
    <subfield code="b">ill. (some col.) ;</subfield>
    <subfield code="c">22 cm.</subfield>
  </datafield>
  <datafield tag="500" ind1=" " ind2=" ">
    <subfield code="a">Horn Museum items are located at 9047 Old US Hwy 31.</subfield>
  </datafield>
  <datafield tag="504" ind1=" " ind2=" ">
    <subfield code="a">Includes bibliographical references.</subfield>
  </datafield>
  <datafield tag="630" ind1="0" ind2="0">
    <subfield code="a">Bible.</subfield>
    <subfield code="p">O.T.</subfield>
    <subfield code="p">Daniel 8:14</subfield>
    <subfield code="x">Criticism, interpretation, etc.</subfield>
    <subfield code="9">24429</subfield>
  </datafield>
  <datafield tag="630" ind1="0" ind2="0">
    <subfield code="a">Bible.</subfield>
    <subfield code="p">O.T.</subfield>
    <subfield code="p">Daniel 9:24-27</subfield>
    <subfield code="x">Criticism, interpretation, etc.</subfield>
    <subfield code="9">24430</subfield>
  </datafield>
  <datafield tag="942" ind1=" " ind2=" ">
    <subfield code="2">lcc</subfield>
    <subfield code="c">BOOK</subfield>
    <subfield code="h">BS 1555.2</subfield>
    <subfield code="i">.O658 2004</subfield>
  </datafield>
  <datafield tag="999" ind1=" " ind2=" ">
    <subfield code="c">7142</subfield>
    <subfield code="d">7142</subfield>
  </datafield>
  <datafield tag="952" ind1=" " ind2=" ">
    <subfield code="0">0</subfield>
    <subfield code="1">0</subfield>
    <subfield code="2">lcc</subfield>
    <subfield code="4">0</subfield>
    <subfield code="7">0</subfield>
    <subfield code="8">Books</subfield>
    <subfield code="a">AUA.1</subfield>
    <subfield code="b">AUA.1</subfield>
    <subfield code="c">GS</subfield>
    <subfield code="d">2012-08-15</subfield>
    <subfield code="e">Donation, Dr. Russell Staples</subfield>
    <subfield code="g">10.00</subfield>
    <subfield code="h">AUA009762</subfield>
    <subfield code="l">2</subfield>
    <subfield code="o">BS 1555.2 .O658 2004</subfield>
    <subfield code="p">AUA009762</subfield>
    <subfield code="r">2019-07-09 00:00:00</subfield>
    <subfield code="s">2019-07-02</subfield>
    <subfield code="v">10.00</subfield>
    <subfield code="w">2012-08-15</subfield>
    <subfield code="y">BOOK</subfield>
  </datafield>
</record>
